[Event "ESP-ch U12"]
[Site "Salobrena"]
[Date "2022.07.15"]
[Round "7"]
[White "Escoriza Pons, Xavier"]
[Black "Pallares Jover, Adrian"]
[Result "1-0"]
[WhiteElo "1524"]
[BlackElo "1362"]
[PlyCount "41"]
[EventDate "2022.07.04"]
[EventType "swiss"]
[EventRounds "9"]
[EventCountry "ESP"]
[SourceTitle "EXT 2023"]
[Source "ChessBase"]
[SourceDate "2022.10.05"]
[SourceVersion "1"]
[SourceVersionDate "2022.10.05"]
[SourceQuality "1"]

1. c4 e5 2. Nc3 Nf6 3. g3 Bb4 4. Bg2 Bxc3 5. bxc3 0-0 6. e4 c6 7. Ne2 d5 8. cxd5 cxd5 9. exd5 Nxd5 10. 0-0 f5 11. Qb3 e4 12. Nf4 Kh8 13. Qxd5 Qf6 14. Qd4 Qf7 15. c4 Nc6 16. Qc3 Be6 17. Nxe6 Qxe6 18. Bb2 Rf6 19. f3 Rg6 20. fxe4 fxe4 21. Rae1 1-0